| 000 | 01983nam a2200313 i 4500 | ||
|---|---|---|---|
| 003 | DO-SdBNP | ||
| 005 | 20260205091700.0 | ||
| 007 | ta | ||
| 008 | 180327s2007 dr 000 0 spa d | ||
| 040 |
_aDO-SdBNP _bspa _cBNPHU _erda |
||
| 041 | _aspa | ||
| 082 | 4 |
_a352.48 _bR426p 2007 _222 |
|
| 110 | 1 |
_aRepública Dominicana _bSecretaría de Estado de Hacienda _911088 |
|
| 240 | _a [Leyes, etc.] | ||
| 245 | 1 | 0 | _aPresupuesto de ingresos y ley de gastos públicos del gobierno central |
| 264 | 1 |
_aSanto Domingo : _bSecretaria de Estado de Hacienda. Dirección General de Presupuesto _c2007. |
|
| 300 |
_a516 páginas ; _c28 cm. |
||
| 336 |
_atexto _btxt _2rdacontent |
||
| 337 |
_asin mediación _bn _2rdamedia |
||
| 338 |
_avolumen _bnc _2rdacarrier |
||
| 505 | 2 |
_a Primera parte : Presupuesto de ingresos y ley de gastos públicos -- _tSegunda parte : Información de los ingresos -- _tGráficos de los ingresos -- _tInformación de los egresos -- _tRecursos externos y contrapartidas según institución -- _tTransferencias a instituciones por fuente de financiamiento -- _tProyecto por programa, fuentes y organismo financiador, según capítulos -- _tProgramas protegidos para el logro de los objetivos del milenio -- _tEstimación de los gastos tributarios -- _tInformación de la cuenta ahorro inversión financiamiento -- _tTercera parte : Distribución institucional de los egresos presupuestados -- _tPoder Legislativo -- _tPoder Ejecutivo -- _tPoder Judicial -- _tOrganismos especiales -- _tProgramas virtuales -- _tCuarta parte : Transferencias corrientes a organizaciones no gubernamentales (ONG). |
|
| 590 | _aInventariado, 2021 /VM | ||
| 650 | 4 |
_aPresupuesto _zRepública Dominicana _97940 _2 |
|
| 650 | 4 |
_aHacienda pública _zRepública Dominicana _96562 |
|
| 650 | 4 |
_aFinanzas públicas _zRepública Dominicana _93033 |
|
| 650 | 4 |
_aGastos públicos _xLegislación _zRepública Dominicana _977699 |
|
| 910 | _aVMateo/Validado. Control de calidad MFF | ||
| 942 |
_2ddc _cLBS1 |
||
| 999 |
_c49318 _d49318 |
||